Les villes les plus peuplées d'Orne - Statistiques

Statistiques générales
  • Ce quiz a été pris 108 fois
  • Le résultat moyen est 9 sur 20
Statistiques - réponses
Population Ville % Correct
28 917 Alençon
100%
16 940 Flers
87%
16 596 Argentan
83%
8 977 L'Aigle
74%
4 511 Mortagne-au-Perche
65%
4 262 Domfront
60%
4 501 Sées
55%
6 676 La Ferté-Macé
49%
2 042 Gacé
40%
4 428 Vimoutiers
35%
1 775 Bellême
30%
2 916 Damigny
29%
2 227 Condé-sur-Sarthe
27%
4 021 Saint-Germain-du-Corbéis
23%
3 259 Saint-Georges-des-Groseillers
22%
2 423 Athis-de-l'Orne
18%
1 919 Le Theil
17%
2 890 Tinchebray
17%
1 937 Messei
16%
1 915 Ceton
10%
Aucun quiz correspondant
Distribution des résultats
% des personnes avec chaque résultat
Percentile par nombre de réponses
Votre historique - résultats
Vous n’avez pas pris ce quiz